[Event "SLO-chT1 West"]
[Site "Ljubljana"]
[Date "2012.09.30"]
[Round "6.1"]
[White "Belamaric, Goran"]
[Black "Kodric, Martin"]
[Result "1/2-1/2"]
[WhiteElo "2272"]
[BlackElo "2281"]
[PlyCount "96"]
[EventDate "2012.09.21"]
[EventType "team-tourn"]
[EventRounds "9"]
[EventCountry "SLO"]
[SourceTitle "EXT 2022"]
[Source "ChessBase"]
[SourceDate "2021.10.06"]
[SourceVersion "1"]
[SourceVersionDate "2021.10.06"]
[SourceQuality "1"]
[WhiteTeam "Piran"]
[BlackTeam "Trebnje BMP"]
[WhiteTeamCountry "SLO"]
[BlackTeamCountry "SLO"]

1. e4 c5 2. g3 d5 3. exd5 Qxd5 4. Nf3 Bg4 5. Be2 Nc6 6. h3 Bf5 7. Nc3 Qd7 8. g4 Bg6 9. d3 e5 10. Be3 f6 11. Qd2 0-0-0 12. 0-0-0 Nd4 13. Nh4 Bf7 14. g5 Ne7 15. Rde1 Nxe2+ 16. Qxe2 Nc6 17. Qg4 Be6 18. Qa4 Be7 19. Ne4 b6 20. f4 Nb4 21. Qxd7+ Rxd7 22. a3 Nc6 23. f5 Bd5 24. Rhg1 Bxe4 25. dxe4 fxg5 26. Bxg5 Bf6 27. Nf3 Rf8 28. h4 g6 29. Bh6 Rg8 30. h5 Ne7 31. hxg6 hxg6 32. Bg5 Bxg5+ 33. Rxg5 gxf5 34. Rxg8+ Nxg8 35. exf5 Rf7 36. Rxe5 Nh6 37. Nh4 Ng4 38. Re6 Kd7 39. Rg6 Ne3 40. Rg5 Rh7 41. Nf3 Nc4 42. Rg1 Ke7 43. Nd2 Nd6 44. Re1+ Kf6 45. Re6+ Kxf5 46. Rxd6 Rh1+ 47. Nf1 Rxf1+ 48. Kd2 Ke5 1/2-1/2

[Event "SLO-chT1a West"]
[Site "Ljubljana"]
[Date "2009.10.16"]
[Round "6.1"]
[White "Zeleznik, Alojz"]
[Black "Kodric, Martin"]
[Result "1/2-1/2"]
[WhiteElo "2232"]
[BlackElo "2276"]
[PlyCount "53"]
[EventDate "2009.10.09"]
[EventType "team-tourn"]
[EventRounds "9"]
[EventCountry "SLO"]
[SourceTitle "EXT 2012"]
[Source "ChessBase"]
[SourceDate "2011.11.24"]
[SourceVersion "1"]
[SourceVersionDate "2011.11.24"]
[SourceQuality "1"]
[WhiteTeam "Jesenice"]
[BlackTeam "Trebnje BMP"]
[WhiteTeamCountry "SLO"]
[BlackTeamCountry "SLO"]

1. e4 c5 2. Nf3 Nc6 3. d4 cxd4 4. Nxd4 g6 5. Nc3 Bg7 6. Be3 Nf6 7. Nxc6 bxc6 8. e5 Ng8 9. f4 Nh6 10. Qd2 d6 11. exd6 Nf5 12. 0-0-0 exd6 13. Bc5 0-0 14. g4 Qa5 15. Ba3 Nd4 16. Ne2 Qxd2+ 17. Rxd2 Nb5 18. Bxd6 Nxd6 19. Rxd6 Bxg4 20. Nc3 Rad8 21. Rxd8 Rxd8 22. Bg2 Bxc3 23. bxc3 c5 24. Re1 Be6 25. a3 Kg7 26. Re5 Rc8 27. Bd5 1/2-1/2

[Event "SLO-chT1 West"]
[Site "Ljubljana"]
[Date "2008.11.23"]
[Round "9.2"]
[White "Kodric, Martin"]
[Black "Zvan, Ziga"]
[Result "1-0"]
[WhiteElo "2272"]
[BlackElo "2229"]
[PlyCount "101"]
[EventDate "2008.11.13"]
[EventType "tourn"]
[EventRounds "9"]
[EventCountry "SLO"]
[SourceTitle "EXT 2010"]
[Source "ChessBase"]
[SourceDate "2010.11.25"]
[SourceVersion "1"]
[SourceVersionDate "2010.11.25"]
[SourceQuality "1"]
[WhiteTeam "Trebnje BMP"]
[BlackTeam "Kranj Tomo Zupan"]
[WhiteTeamCountry "SLO"]
[BlackTeamCountry "SLO"]

1. c4 Nf6 2. g3 g6 3. Bg2 d5 4. cxd5 Nxd5 5. d4 Bg7 6. Nf3 0-0 7. 0-0 Nc6 8. Nc3 Nb6 9. e3 Re8 10. d5 Na5 11. Nd4 Nac4 12. a4 Nd6 13. a5 Nbc4 14. b3 Ne5 15. f4 Ng4 16. h3 Nh6 17. g4 e5 18. dxe6 Bxe6 19. a6 c5 20. Nxe6 Rxe6 21. axb7 Rb8 22. Qc2 Nxb7 23. Rxa7 Qb6 24. Ra3 Na5 25. Nd5 Qd8 26. Bd2 Nc6 27. Ra4 Rd6 28. Qxc5 Rxb3 29. Ra6 Rd3 30. Bc1 Bf8 31. Qc4 R6xd5 32. Bxd5 Nb4 33. Ra8 Qxd5 34. Rxf8+ Kxf8 35. Qxb4+ Kg7 36. Bb2+ f6 37. Qe7+ Qf7 38. Bxf6+ Kg8 39. Qxf7+ Kxf7 40. Bd4 Ke6 41. Kg2 Nf7 42. Kf3 Nd6 43. Ra1 Rb3 44. Ra6 Kd5 45. Ra5+ Nb5 46. f5 gxf5 47. gxf5 Kd6 48. Ra6+ Kd5 49. Bg7 Nd6 50. f6 Ke6 51. Rxd6+ 1-0

[Event "SLO-chT1 West"]
[Site "Ljubljana"]
[Date "2008.11.15"]
[Round "3.2"]
[White "Rodman, Franc"]
[Black "Kodric, Martin"]
[Result "1/2-1/2"]
[WhiteElo "2200"]
[BlackElo "2272"]
[PlyCount "67"]
[EventDate "2008.11.13"]
[EventType "tourn"]
[EventRounds "9"]
[EventCountry "SLO"]
[SourceTitle "EXT 2010"]
[Source "ChessBase"]
[SourceDate "2010.11.25"]
[SourceVersion "1"]
[SourceVersionDate "2010.11.25"]
[SourceQuality "1"]
[WhiteTeam "Jesenice"]
[BlackTeam "Trebnje BMP"]
[WhiteTeamCountry "SLO"]
[BlackTeamCountry "SLO"]

1. d4 d6 2. c4 e5 3. Nc3 exd4 4. Qxd4 Nc6 5. Qd2 g6 6. b3 Bg7 7. Bb2 Nf6 8. g3 0-0 9. Bg2 Re8 10. Nh3 Bxh3 11. Bxh3 Ne4 12. Nxe4 Bxb2 13. Qxb2 Rxe4 14. Bg2 Re8 15. 0-0 Qe7 16. e3 Qe5 17. Qxe5 Rxe5 18. Rfd1 Rae8 19. Rd2 Kg7 20. Rc1 Nd8 21. Rd5 Kf6 22. Rcd1 Rxd5 23. Rxd5 Re5 24. Rxe5 dxe5 25. b4 b6 26. f4 Ke6 27. Kf2 Kd6 28. Ke2 Ne6 29. Bd5 f5 30. Bxe6 Kxe6 31. h4 e4 32. Kd2 Kd6 33. Kc3 c6 34. Kd4 1/2-1/2

[Event "SLO-chT2"]
[Site "Ljubljana"]
[Date "2007.11.25"]
[Round "9.2"]
[White "Kodric, Martin"]
[Black "Bozic, Anton"]
[Result "1-0"]
[WhiteElo "2273"]
[BlackElo "2124"]
[PlyCount "59"]
[EventDate "2007.11.15"]
[EventType "team-tourn"]
[EventRounds "9"]
[EventCountry "SLO"]
[SourceTitle "CBM 121 Extra"]
[Source "ChessBase"]
[SourceDate "2008.01.10"]
[SourceVersion "1"]
[SourceVersionDate "2008.01.10"]
[SourceQuality "1"]
[WhiteTeam "Trebnje BMP"]
[BlackTeam "Komenda"]
[WhiteTeamCountry "SLO"]
[BlackTeamCountry "SLO"]

1. c4 Nf6 2. g3 g6 3. Bg2 Bg7 4. Nc3 d6 5. e4 c6 6. Nge2 a5 7. 0-0 0-0 8. d3 Na6 9. h3 Qc7 10. Be3 e5 11. a3 h6 12. b4 Bd7 13. Qb3 axb4 14. axb4 c5 15. b5 Nb4 16. Na2 Rxa2 17. Rxa2 Nxa2 18. Qxa2 Qc8 19. Kh2 Qa8 20. Ra1 Qxa2 21. Rxa2 Rb8 22. Nc3 b6 23. Ra7 Be6 24. f4 Ne8 25. Na4 Bc8 26. Kg1 Kf8 27. fxe5 dxe5 28. Nxb6 Kg8 29. Bxc5 Be6 30. Nd5 1-0

[Event "SLO-chT"]
[Site "Bled"]
[Date "2005.11.04"]
[Round "2"]
[White "Bratko, Ivan"]
[Black "Kodric, Martin"]
[Result "0-1"]
[WhiteElo "2174"]
[BlackElo "2265"]
[PlyCount "70"]
[EventDate "2005.11.03"]
[EventType "team-tourn"]
[EventRounds "9"]
[EventCountry "SLO"]
[SourceTitle "CBM 109 Extra"]
[Source "ChessBase"]
[SourceDate "2006.01.03"]
[SourceVersion "2"]
[SourceVersionDate "2006.01.03"]
[SourceQuality "1"]

1. e4 c5 2. Nf3 Nc6 3. d4 cxd4 4. Nxd4 g6 5. Nc3 Bg7 6. Nb3 Nf6 7. Be2 0-0 8. 0-0 d6 9. Bg5 a6 10. f4 Be6 11. f5 Bd7 12. Qd2 Rc8 13. Rad1 b5 14. Qf4 Ne5 15. Nd4 b4 16. Bxf6 bxc3 17. Bxg7 Kxg7 18. b3 f6 19. Bxa6 Rb8 20. a4 gxf5 21. exf5 Qb6 22. Bb5 Bxb5 23. axb5 Kh8 24. Kh1 Rg8 25. h3 Qb7 26. Qf2 Rg5 27. Qe2 Rbg8 28. Rf2 Rg3 29. Kh2 R3g5 30. Ne6 Rg3 31. Ra1 Qd5 32. Ra4 Rxg2+ 33. Rxg2 Nf3+ 34. Kh1 Rxg2 35. Rg4 Qd1+ 0-1

[Event "SLO-chT West"]
[Site "Bled"]
[Date "2004.11.14"]
[Round "9"]
[White "Nikolic, Stanko"]
[Black "Kodric, Martin"]
[Result "0-1"]
[WhiteElo "2025"]
[BlackElo "2259"]
[PlyCount "58"]
[EventDate "2004.11.05"]
[EventType "team-tourn"]
[EventRounds "9"]
[EventCountry "SLO"]
[SourceTitle "EXT 2009"]
[Source "ChessBase"]
[SourceDate "2008.11.26"]
[SourceVersion "1"]
[SourceVersionDate "2008.11.26"]
[SourceQuality "1"]

1. e4 c5 2. Nf3 Nc6 3. d4 cxd4 4. Nxd4 g6 5. Nc3 Bg7 6. Be3 Nf6 7. Bc4 0-0 8. Bb3 Qa5 9. f3 d6 10. Qd2 Bd7 11. 0-0-0 Rfc8 12. g4 Ne5 13. Kb1 Nc4 14. Bxc4 Rxc4 15. Nb3 Qa6 16. h4 Rac8 17. Bd4 e5 18. Be3 Bxg4 19. fxg4 Rxc3 20. bxc3 Nxe4 21. Qd3 Nxc3+ 22. Kc1 Qxa2 23. Kd2 e4 24. Qf1 Nxd1 25. Qxd1 a5 26. Nd4 Qb2 27. Ke2 a4 28. Kf1 a3 29. Kg2 a2 0-1

[Event "SLO-chT2W"]
[Site "Bled"]
[Date "2003.11.15"]
[Round "8"]
[White "Kodric, Martin"]
[Black "Markun, Bostjan"]
[Result "1/2-1/2"]
[WhiteElo "2245"]
[BlackElo "2266"]
[PlyCount "44"]
[EventDate "2003.11.07"]
[EventType "team-tourn"]
[EventRounds "8"]
[EventCountry "SLO"]
[SourceTitle "EXT 2005"]
[Source "ChessBase"]
[SourceDate "2004.11.15"]
[SourceVersion "1"]
[SourceVersionDate "2004.11.15"]
[SourceQuality "1"]

1. e4 e5 2. Nc3 Nf6 3. g3 Nc6 4. Bg2 Bc5 5. Nf3 d6 6. d3 h6 7. Be3 Bxe3 8. fxe3 Be6 9. Qd2 d5 10. exd5 Nxd5 11. 0-0 0-0 12. Nh4 Nxc3 13. Qxc3 Bd5 14. Bxd5 Qxd5 15. Nf5 Kh7 16. Rf2 Qd7 17. e4 f6 18. Raf1 Ne7 19. Ne3 Rad8 20. Qb4 c6 21. Qc3 Qd4 22. Qxd4 Rxd4 1/2-1/2

[Event "SLO-chT2W"]
[Site "Bled"]
[Date "2003.11.07"]
[Round "1"]
[White "Osolin, Bojan"]
[Black "Kodric, Martin"]
[Result "0-1"]
[WhiteElo "2129"]
[BlackElo "2245"]
[PlyCount "52"]
[EventDate "2003.11.07"]
[EventType "team-tourn"]
[EventRounds "8"]
[EventCountry "SLO"]
[SourceTitle "EXT 2005"]
[Source "ChessBase"]
[SourceDate "2004.11.15"]
[SourceVersion "1"]
[SourceVersionDate "2004.11.15"]
[SourceQuality "1"]

1. e4 c5 2. Nf3 Nc6 3. d4 cxd4 4. Nxd4 g6 5. Nc3 Bg7 6. Be3 Nf6 7. Bc4 Qa5 8. 0-0 0-0 9. Bb3 d6 10. h3 Bd7 11. f4 Rac8 12. Nd5 Rfe8 13. Nxf6+ exf6 14. Bd5 f5 15. Nf3 h6 16. e5 Rcd8 17. Re1 dxe5 18. fxe5 Be6 19. c4 Bxd5 20. cxd5 Rxd5 21. Qb3 Nxe5 22. Bf2 Rb5 23. Qc2 Rxb2 24. Qxb2 Nxf3+ 25. gxf3 Rxe1+ 26. Bxe1 Bxb2 0-1

[Event "SLO Cup final"]
[Site "Rogla"]
[Date "2002.06.08"]
[Round "2"]
[White "Kodric, Martin"]
[Black "Kovac, Mitja"]
[Result "0-1"]
[WhiteElo "2234"]
[BlackElo "2109"]
[PlyCount "85"]
[EventDate "2002.06.07"]
[EventType "swiss"]
[EventRounds "5"]
[EventCountry "SLO"]
[SourceTitle "EXT 2008"]
[Source "ChessBase"]
[SourceDate "2007.11.25"]
[SourceVersion "1"]
[SourceVersionDate "2007.11.25"]
[SourceQuality "1"]

1. e4 c5 2. Nf3 Nc6 3. d4 cxd4 4. Nxd4 Qc7 5. Nc3 a6 6. Be2 e6 7. f4 d6 8. Be3 Nf6 9. Bf3 Be7 10. 0-0 0-0 11. Kh1 Bd7 12. a4 Rfe8 13. Nb3 b6 14. g4 Bc8 15. Bg2 Bb7 16. g5 Nd7 17. Qh5 Nb4 18. Rac1 d5 19. f5 exf5 20. exf5 Bc5 21. Nxc5 bxc5 22. Bf4 Qb6 23. a5 Qc6 24. Rfd1 Ne5 25. Nxd5 Nxd5 26. Bxd5 Qd7 27. c4 Bxd5+ 28. cxd5 Qxf5 29. Bxe5 Rxe5 30. Rf1 Qe4+ 31. Qf3 Qxf3+ 32. Rxf3 Rxd5 33. h4 Rb8 34. Re1 Kf8 35. Ref1 Rb7 36. R1f2 Rd4 37. Rh3 Rdb4 38. Rhh2 R4b5 39. h5 Rxa5 40. g6 hxg6 41. hxg6 Kg8 42. gxf7+ Rxf7 43. Rc2 0-1

[Event "SLO-chT West"]
[Site "Bled"]
[Date "2001.11.16"]
[Round "2"]
[White "Kodric, Martin"]
[Black "Illijin, Neboisa"]
[Result "1/2-1/2"]
[WhiteElo "2254"]
[BlackElo "2262"]
[PlyCount "56"]
[EventDate "2001.11.18"]
[EventType "team-tourn"]
[EventRounds "7"]
[EventCountry "SLO"]
[SourceTitle "EXT 2003"]
[Source "ChessBase"]
[SourceDate "2002.11.25"]
[SourceVersion "1"]
[SourceVersionDate "2002.11.25"]
[SourceQuality "1"]

1. e4 c5 2. Nf3 e6 3. d4 cxd4 4. Nxd4 a6 5. Bd3 Qb6 6. Nb3 Qc7 7. 0-0 Nf6 8. Nc3 b5 9. Qe2 b4 10. Nd1 d6 11. Bg5 Be7 12. c3 bxc3 13. Nxc3 Bb7 14. Rac1 Qd8 15. Rfd1 Nbd7 16. Bb1 0-0 17. f4 e5 18. Kh1 Ne8 19. Bxe7 Qxe7 20. Na5 Ndf6 21. f5 h6 22. a3 Bc8 23. Ba2 Bd7 24. Bc4 Qd8 25. b4 Qb6 26. Nd5 Nxd5 27. Bxd5 Bb5 28. Qa2 Ra7 1/2-1/2

[Event "Ljubljana op 12th"]
[Site "Ljubljana"]
[Date "2001.06.25"]
[Round "3"]
[White "Farago, Ivan"]
[Black "Kodric, Martin"]
[Result "1-0"]
[WhiteElo "2485"]
[BlackElo "2248"]
[PlyCount "73"]
[EventDate "2001.06.23"]
[EventType "swiss"]
[EventRounds "9"]
[EventCountry "SLO"]
[SourceTitle "EXT 2002"]
[Source "ChessBase"]
[SourceDate "2001.11.25"]
[SourceVersion "1"]
[SourceVersionDate "2001.11.25"]
[SourceQuality "1"]

1. d4 Nf6 2. c4 c6 3. Nc3 d5 4. Nf3 e6 5. Bg5 h6 6. Bxf6 Qxf6 7. e3 Nd7 8. Rc1 Bd6 9. Bd3 Qe7 10. 0-0 0-0 11. Re1 f5 12. Qc2 Qf7 13. h4 Qf6 14. Qb3 Kh8 15. g3 g5 16. hxg5 hxg5 17. Kg2 g4 18. Rh1+ Kg7 19. Nd2 a6 20. Ne2 Rh8 21. Rxh8 Kxh8 22. cxd5 cxd5 23. Nf4 Nf8 24. Qb6 Qe7 25. Nb3 Kg8 26. Nc5 Bc7 27. Qb3 Qf7 28. Ncxe6 Bxe6 29. Qxb7 Bxf4 30. Qxa8 Bh6 31. Qxa6 Qh5 32. Rh1 Qg5 33. Qd6 Qf6 34. b4 Nh7 35. b5 Bf8 36. Qe5 Qe7 37. b6 1-0

[Event "Bled op 22nd"]
[Site "Bled"]
[Date "2001.03.27"]
[Round "4"]
[White "Kodric, Martin"]
[Black "Soln, Primoz"]
[Result "0-1"]
[WhiteElo "2248"]
[BlackElo "2399"]
[PlyCount "84"]
[EventDate "2001.03.24"]
[EventType "swiss"]
[EventRounds "9"]
[EventCountry "SLO"]
[SourceTitle "CBM 081 Extra"]
[Source "ChessBase"]
[SourceDate "2001.05.06"]
[SourceVersion "1"]
[SourceVersionDate "2001.05.06"]
[SourceQuality "1"]

1. e4 e6 2. d4 d5 3. e5 c5 4. c3 Nc6 5. Nf3 Bd7 6. a3 f6 7. Bd3 Qc7 8. Bf4 c4 9. Bc2 0-0-0 10. Nbd2 Nh6 11. Bg3 f5 12. Bf4 Nf7 13. h4 Be7 14. Qe2 g6 15. g3 h6 16. Nxc4 dxc4 17. Qxc4 g5 18. Be3 Na5 19. Qxc7+ Kxc7 20. hxg5 hxg5 21. Rxh8 Rxh8 22. Ke2 Nc4 23. Bc1 g4 24. Ne1 Bg5 25. Bxg5 Nxg5 26. b3 Na5 27. Ng2 Rh2 28. Nf4 Nh3 29. Nd3 f4 30. Nxf4 Rxf2+ 31. Kd3 Rf3+ 32. Kd2 Nxf4 33. gxf4 Rf2+ 34. Kd3 Be8 35. Bd1 Bg6+ 36. Ke3 Rf1 37. Ke2 Rxf4 38. b4 Nc4 39. Bb3 b5 40. a4 g3 41. Rg1 Bh5+ 42. Ke1 Rf3 0-1

[Event "Bled op 22nd"]
[Site "Bled"]
[Date "2001.03.26"]
[Round "3"]
[White "Caoili, Arianne"]
[Black "Kodric, Martin"]
[Result "1/2-1/2"]
[WhiteElo "2132"]
[BlackElo "2248"]
[PlyCount "90"]
[EventDate "2001.03.24"]
[EventType "swiss"]
[EventRounds "9"]
[EventCountry "SLO"]
[SourceTitle "CBM 081 Extra"]
[Source "ChessBase"]
[SourceDate "2001.05.06"]
[SourceVersion "1"]
[SourceVersionDate "2001.05.06"]
[SourceQuality "1"]

1. Nf3 Nf6 2. d4 d6 3. Bf4 c6 4. h3 Bf5 5. Nbd2 h6 6. e3 Nbd7 7. Be2 g5 8. Bh2 Bg7 9. c3 Nf8 10. a4 Qd7 11. Nc4 Ng6 12. Bd3 0-0 13. Qc2 Bxd3 14. Qxd3 Qe6 15. 0-0 Ne4 16. Rad1 d5 17. Nce5 Nh8 18. Nd2 Nxd2 19. Rxd2 f6 20. Ng6 Nxg6 21. Qxg6 Qf7 22. Qd3 f5 23. f3 Rae8 24. e4 fxe4 25. fxe4 Qxf1+ 26. Qxf1 Rxf1+ 27. Kxf1 dxe4 28. Re2 e5 29. dxe5 Bxe5 30. Rxe4 Rf8+ 31. Kg1 Bxh2+ 32. Kxh2 Rf2 33. b4 Kf7 34. a5 Rd2 35. Re3 Kf6 36. Kg3 h5 37. Kf3 Rd5 38. g4 h4 39. Ke2 c5 40. Re4 Re5 41. Kd3 cxb4 42. cxb4 a6 43. Rxe5 Kxe5 44. Ke3 Kd5 45. Kd3 Ke5 1/2-1/2

[Event "SLO-chT1 West"]
[Site "Bled"]
[Date "2000.??.??"]
[Round "?"]
[White "Kodric, Martin"]
[Black "Mufic, Goran"]
[Result "0-1"]
[WhiteElo "2273"]
[BlackElo "2372"]
[PlyCount "102"]
[EventDate "2000.??.??"]
[EventType "team"]
[EventRounds "7"]
[EventCountry "SLO"]
[SourceTitle "EXT 2002"]
[Source "ChessBase"]
[SourceDate "2001.11.25"]
[SourceVersion "1"]
[SourceVersionDate "2001.11.25"]
[SourceQuality "1"]

1. e4 c5 2. Nf3 Nc6 3. d4 cxd4 4. Nxd4 g6 5. c4 Bg7 6. Be3 Nf6 7. Nc3 0-0 8. Be2 d6 9. 0-0 Bd7 10. Rc1 Nxd4 11. Bxd4 a5 12. Re1 Bc6 13. Bf1 Nd7 14. Bxg7 Kxg7 15. Qd4+ Kg8 16. Nd5 a4 17. Rc3 e5 18. Qd2 Bxd5 19. Qxd5 Nc5 20. Rd1 Qe7 21. g3 Ra6 22. Bg2 Ne6 23. Bf1 Rb6 24. Rd2 Nd4 25. Qa5 Ra6 26. Qd5 Re8 27. Kg2 Rc6 28. Qa5 Ra6 29. Qd5 Kg7 30. c5 Rc6 31. cxd6 Rxd6 32. Qc5 b6 33. Qb4 Qd7 34. Rd1 Rd8 35. h3 h5 36. h4 g5 37. hxg5 Qg4 38. Re1 Ne6 39. Qb5 Qxg5 40. Bc4 Nf4+ 41. Kh2 Rg6 42. Rf3 h4 43. Kg1 hxg3 44. Rxg3 Rh8 45. Qd7 Rh1+ 46. Kxh1 Qh4+ 47. Rh3 Nxh3 48. Qxf7+ Kh6 49. Qf8+ Kh7 50. Qf7+ Rg7 51. Qf5+ Kh6 0-1

[Event "SLO-chT1 West"]
[Site "Bled"]
[Date "2000.??.??"]
[Round "?"]
[White "Kodric, Martin"]
[Black "Semrl, Marjan"]
[Result "1/2-1/2"]
[WhiteElo "2273"]
[BlackElo "2209"]
[PlyCount "32"]
[EventDate "2000.??.??"]
[EventType "team"]
[EventRounds "7"]
[EventCountry "SLO"]
[SourceTitle "EXT 2002"]
[Source "ChessBase"]
[SourceDate "2001.11.25"]
[SourceVersion "1"]
[SourceVersionDate "2001.11.25"]
[SourceQuality "1"]

1. e4 d5 2. exd5 Qxd5 3. Nc3 Qd8 4. d4 c6 5. Bc4 Bf5 6. Nf3 e6 7. Qe2 Be7 8. 0-0 Nf6 9. Bg5 Nbd7 10. Rad1 0-0 11. Rfe1 Nb6 12. Bb3 Nbd5 13. Ne5 Nxc3 14. bxc3 Nd5 15. Bd2 Bg5 16. c4 Bxd2 1/2-1/2

[Event "SLO-chT1 West"]
[Site "Bled"]
[Date "2000.??.??"]
[Round "?"]
[White "Markun, Bostjan"]
[Black "Kodric, Martin"]
[Result "0-1"]
[WhiteElo "2318"]
[BlackElo "2273"]
[PlyCount "78"]
[EventDate "2000.??.??"]
[EventType "team"]
[EventRounds "7"]
[EventCountry "SLO"]
[SourceTitle "EXT 2002"]
[Source "ChessBase"]
[SourceDate "2001.11.25"]
[SourceVersion "1"]
[SourceVersionDate "2001.11.25"]
[SourceQuality "1"]

1. e4 c5 2. c3 d5 3. exd5 Qxd5 4. d4 Nf6 5. Nf3 e6 6. Na3 Qd8 7. Nc2 Be7 8. Bd3 b6 9. Qe2 0-0 10. Bf4 Bb7 11. 0-0-0 Qc8 12. Ne5 Nc6 13. dxc5 bxc5 14. Ne3 Rd8 15. Bc4 Nxe5 16. Bxe5 Nd7 17. Bxg7 Kxg7 18. Nf5+ Kh8 19. Bxe6 fxe6 20. Qxe6 Bg5+ 21. Kb1 Nf6 22. Rxd8+ Qxd8 23. Nd6 Qd7 24. Nf7+ Kg7 25. Nxg5 Re8 26. Qxd7+ Nxd7 27. Rd1 Nf6 28. g3 Re2 29. f4 h6 30. h4 hxg5 31. hxg5 Be4+ 32. Kc1 Rc2+ 33. Kb1 Rd2+ 34. Kc1 Rxd1+ 35. Kxd1 Nh5 36. Kd2 Nxg3 37. Ke3 Bd5 38. a3 Nf5+ 39. Kd2 Kg6 0-1